Bāījī theke begama. (Record no. 74397)

MARC details
000 -LEADER
fixed length control field 00506cam a22002051 4500
001 - CONTROL NUMBER
control field sa 67004338
003 - CONTROL NUMBER IDENTIFIER
control field DLC
005 - DATE AND TIME OF LATEST TRANSACTION
control field 20260227112345.0
008 - FIXED-LENGTH DATA ELEMENTS--GENERAL INFORMATION
fixed length control field 890626s1966 ii 000 1 beno
010 ## - LIBRARY OF CONGRESS CONTROL NUMBER
LC control number sa 67004338
035 ## - SYSTEM CONTROL NUMBER
System control number (OCoLC)19925718
040 ## - CATALOGING SOURCE
Original cataloging agency DLC
Transcribing agency WaU
Modifying agency DLC
050 00 - LIBRARY OF CONGRESS CALL NUMBER
Classification number PK1730.19.A8
Item number B27
100 1# - MAIN ENTRY--PERSONAL NAME
Personal name Das, Shyamapada,
Dates associated with a name 1939-
245 10 - TITLE STATEMENT
Title Bāījī theke begama.
260 ## - PUBLICATION, DISTRIBUTION, ETC.
Date of publication, distribution, etc. [1966]
300 ## - PHYSICAL DESCRIPTION
Extent 321 p.
Dimensions 22 cm.
500 ## - GENERAL NOTE
General note A novel.
600 00 - SUBJECT ADDED ENTRY--PERSONAL NAME
Personal name Anārkalī,
Dates associated with a name -1599
General subdivision Fiction.

No items available.

Powered by Koha